000 00883nam a2200277 i 4500
003 DO-SdBNP
005 20260506103754.0
007 ta
008 260506b2025 dr ||||| |||| 00| 0 spa d
020 _a9789945450026
040 _aDO-SdBNP
_bspa
_cBNPHU
_erda
041 _aspa
082 4 _axxx
_bM663c
_222
100 _aMinaya, Leopoldo,
_eautor
_4aut.
_972154
245 1 0 _aCuento de los dos quijotes /
_cLeopoldo Minaya, ; ilustración, Sarah Amaro
264 4 _aSanto Domingo :
_bPrincipe Editorial,
_c©2025.
300 _a86 páginas ;
_c23 cm.
336 _atexto
_btxt
_2rdacontent
337 _asin mediación
_bn
_2rdamedia
338 _avolumen
_bnc
_2rdacarrier
500 _aIncluye datos biográficos del autor en la contracubierta
590 _aInventariado, 2026/BT
700 1 _aAmaro, Sarah,
_eilustrador
_4il.
_983681
910 _aBtavárez
942 _2ddc
_cLBS1
999 _c60672
_d60672